000 004600000a22001810004500
003 MACL
005 20160129171254.0
008 160129b xxu||||| |||| 00| 0 eng d
040 _aMACL
_cMACL
041 _aEnglish
082 _a824/HAB
100 _aHabib, Irfan
_935715
245 _aState and Diplomacy under Tipu Sultan
_bDocuments and essays
260 _bTulika
_c2001
_aDelhi
350 _a325
650 _aEssays
_935716
942 _cBK
_k824/HAB
_2ddc
999 _c32217
_d32217